000 00247nam a2200109Ia 4500
008 200302s9999 xx 000 0 und d
100 _aRichard Box
245 _aBasic Drawing Techniques 10
260 _bSearch Press
260 _c2007
300 _a48
999 _c4578
_d4578